000 00953nam a2200205 i 4500
001 174986
003 ES-MaACL
005 20250808034529.0
008 100906s1877 xxk |||| | eng d
245 0 4 _aThe substitute for capital punishment, Great Britain and Belgium /
_b[Issued by the Howard Association]
260 _a[London :
_bHoward Association,
_c1877?]
300 _a4 p. ;
_c20 cm.
650 1 7 _aPena de muerte
_2embne
_915915
710 2 _aHoward Association (London)
_9134440
852 _aES-MaACL
_jD-273(9)
_cSVI
_fSello en tinta en la hoja de guarda anterior del volumen: "Donativo del Sr. Lastres al Ateneo de Madrid, 1907".
_xEncuadernado con otras obra formando un volumen facticio
_hDonación: Francisco Lastres y Juiz
_9181721
_bR.FOLL.12/9
_dOlim: 193-C-3
903 _aLastres y Juiz, Francisco,
_d1848-1918
_q1
_ednr
_970504
942 _2udc
_cFOLLETOS
999 _c174986
_d174986